| 000 -CABECERA |
| Longitud fija campo de control |
00601nam a2200169 a 4500 |
| 001 - NÚMERO DE CONTROL |
| Número de control |
3799 |
| 003 - IDENTIFICADOR DEL NÚMERO DE CONTROL |
| Identificador del número de control |
CDMR |
| 005 - FECHA Y HORA DE LA ÚLTIMA TRANSACCIÓN |
| Fecha y hora de la última transacción |
20130926170148.0 |
| 008 - CÓDIGOS DE INFORMACIÓN DE LONGITUD FIJA |
| Códigos de información de longitud fija |
130130s1996||||||||||||||||||||||||||||d |
| 040 ## - FUENTE DE LA CATALOGACIÓN |
| Centro catalogador de origen |
CDMR |
| Lengua de catalogación |
cat |
| Centro transcriptor |
CDMR |
| 111 2# - PUNTO DE ACCESO PRINCIPAL-NOMBRE DE CONGRESO |
| Nombre de congreso o jurisdicción como elemento de entrada |
Congrés de Periodistes Catalans |
| Sede del congreso |
Barcelona |
| Fecha del congreso |
1996 |
| Número del congreso o número de parte o sección de la obra |
3er |
| 9 (RLIN) |
148 |
| 245 10 - MENCIÓN DE TÍTULO |
| Título |
Periodisme i societat |
| Resto del título |
: [Ponències i comunicacions] |
| 260 ## - PUBLICACIÓN, DISTRIBUCIÓN, ETC. (PIE DE IMPRENTA) |
| Lugar de publicación, distribución, etc. |
Barcelona |
| Fecha de publicación, distribución, etc. |
1996 |
| Nombre del editor, distribuidor, etc. |
Col.legi de Periodistes de Catalunya |
| 300 ## - DESCRIPCIÓN FÍSICA |
| Extensión |
3 v. ; |
| Dimensiones |
30 cm |
| 500 ## - NOTA GENERAL |
| Nota general |
Ponències del 3r Congrès de Periodistes Catalans, celebrat els dies 29, 30 de novembre i 1 de desembre de 1996 |
| 942 ## - ENTRADA DE ELEMENTOS AGREGADOS (KOHA) |
| Koha [por defecto] tipo de item |
Monografies |
| Fuente de clasificaión o esquema |
|